Land reforms and land management in Bangladesh and West Bengal : (Record no. 19287)

MARC details
000 -LEADER
fixed length control field 01026nam a2200313 a 4500
001 - CONTROL NUMBER
control field 2466315
003 - CONTROL NUMBER IDENTIFIER
control field BDDh-ASL
005 - DATE AND TIME OF LATEST TRANSACTION
control field 20231015025753.0
008 - FIXED-LENGTH DATA ELEMENTS--GENERAL INFORMATION
fixed length control field 900119s1988 bg b 001 0 eng
010 ## - LIBRARY OF CONGRESS CONTROL NUMBER
LC control number 89904941
020 ## - INTERNATIONAL STANDARD BOOK NUMBER
Terms of availability Tk150.00
025 ## - OVERSEAS ACQUISITION NUMBER
Overseas acquisition number B E 5949
040 ## - CATALOGING SOURCE
Original cataloging agency DLC
Transcribing agency DLC
Modifying agency BDDh-ASL
043 ## - GEOGRAPHIC AREA CODE
Geographic area code a-bg---
-- a-ii---
050 00 - LIBRARY OF CONGRESS CALL NUMBER
Classification number HD880.6.Z63
Item number L36 1988
082 ## - DEWEY DECIMAL CLASSIFICATION NUMBER
Classification number 954
Item number LAN
245 00 - TITLE STATEMENT
Title Land reforms and land management in Bangladesh and West Bengal :
Remainder of title a comparative study /
Statement of responsibility, etc. Kamal Siddiqui ... [et al.].
260 ## - PUBLICATION, DISTRIBUTION, ETC.
Place of publication, distribution, etc. Dhaka, Bangladesh :
Name of publisher, distributor, etc. University Press,
Date of publication, distribution, etc. 1988.
300 ## - PHYSICAL DESCRIPTION
Extent 90 p. ;
Dimensions 22 cm.
504 ## - BIBLIOGRAPHY, ETC. NOTE
Bibliography, etc. note Includes bibliographical references (p. [86]-87)
650 #0 - SUBJECT ADDED ENTRY--TOPICAL TERM
Topical term or geographic name entry element Land tenure
Geographic subdivision Bangladesh.
650 #0 - SUBJECT ADDED ENTRY--TOPICAL TERM
Topical term or geographic name entry element Land tenure
Geographic subdivision India
-- West Bengal.
650 #0 - SUBJECT ADDED ENTRY--TOPICAL TERM
Topical term or geographic name entry element Land reform
Geographic subdivision Bangladesh.
650 #0 - SUBJECT ADDED ENTRY--TOPICAL TERM
Topical term or geographic name entry element Land reform
Geographic subdivision India
-- West Bengal.
700 1# - ADDED ENTRY--PERSONAL NAME
Personal name Siddiqui, Kamal.
906 ## - LOCAL DATA ELEMENT F, LDF (RLIN)
a 7
b cbc
c orignew
d 3
e ncip
f 19
g y-gencatlg
942 ## - ADDED ENTRY ELEMENTS (KOHA)
Source of classification or shelving scheme Dewey Decimal Classification
Koha item type Books
Holdings
Withdrawn status Lost status Source of classification or shelving scheme Damaged status Not for loan Collection code Home library Current library Shelving location Date acquired Source of acquisition Total Checkouts Full call number Barcode Date last seen Copy number Price effective from Koha item type
    Dewey Decimal Classification     Non-fiction Asiatic Society Library Asiatic Society Library Sirajul Islam Collection 11/22/2020 Donated by Professor Sirajul Islam, FRHS   954 LAN 102595 11/22/2020 C-1 11/22/2020 Books
    Dewey Decimal Classification     Non-fiction Asiatic Society Library Asiatic Society Library General Stacks 04/24/2021 ASB Library Collections   954 LAN 109079 04/24/2021 C-2 04/24/2021 Books

Powered by Koha